Statistiques concernant Soprano - Hiro

Cliquez ici pour prendre le quiz!

Statistiques générales

  • Ce quiz a été pris 224 fois
  • Le résultat moyen est 376 sur 482

Statistiques - réponses

Paroles% Correct
le
99%
de
97%
si
97%
Si
97%
a
96%
à
96%
eu
96%
j'avais
96%
La
96%
la
96%
pouvoir
96%
ma
95%
et
94%
se
94%
j'aurais
93%
J'aurais
93%
Je
93%
je
93%
ne
92%
Pour
92%
pour
92%
Hiro Nakamura
90%
sa
90%
au
89%
grand
89%
Hiro Nakamura
89%
mon
89%
que
89%
un
89%
dire
88%
voir
88%
du
87%
été
87%
grand-père
87%
les
87%
lui
87%
pas
87%
serais
87%
en
86%
parti
86%
aimé
85%
aime
85%
ce
85%
qui
85%
temps
85%
dernière
84%
fille
84%
une
84%
naissance
82%
qu'il
82%
fois
81%
travers
81%
voyager
81%
avant
80%
avec
80%
Dans
80%
dans
80%
faire
80%
mais
80%
Mais
80%
m'occupe
80%
revivre
80%
s'inquiète
80%
aller
78%
nous
77%
ou
77%
leur
76%
prendre
76%
aux
75%
Mandela
75%
Martin Luther King
75%
moto
75%
tout
75%
Tout
75%
vivre
75%
mort
74%
route
74%
Après
73%
après
73%
chaussure
73%
deux
73%
Deux
73%
fait
73%
jamais
73%
Lenny
73%
mes
73%
Moi
73%
président
73%
pu
73%
sel
73%
son
73%
enfants
72%
leurs
72%
tour
72%
Daniel Balavoine
71%
idées
71%
journalistes
71%
pont
71%
Sud-Africa
71%
sur
71%
tes
71%
viser
71%
Barack Obama
70%
bras
70%
cellule
70%
Coluche
70%
discours
70%
donné
70%
Gandhi
70%
marche
70%
montrer
70%
parents
70%
photo
70%
seront
70%
sous
70%
l'avion
69%
rencontrent
69%
tiens
69%
d'Adolf Hitler
68%
Diana
68%
d'la
68%
lady
68%
mieux
68%
Nakamura
68%
nature
68%
pneus
68%
qu'on
68%
traite
68%
crever
67%
Apprendre
66%
Boycotter
66%
boycotter
66%
choses
66%
Commores
66%
immigrés
66%
l'Alma
66%
l'hélico
66%
scène
66%
africains
65%
Angola
65%
balle
65%
bouchon
65%
d'Inaya
65%
fils
65%
heures
65%
l'équipe
65%
moonwalk
65%
rouge
65%
sales
65%
soute
65%
commandant
64%
coup
64%
crée
64%
des
64%
l'atteigne
64%
Marie
64%
qu'une
64%
reprendra
64%
vacances
64%
Afghanistan
63%
arrivent
63%
l'coup
63%
live
63%
Mohamed Ali
63%
nez
63%
pousser
63%
souffle
63%
Tellement
63%
bombe
62%
bougie
62%
tirailleurs
62%
alerte
61%
Autriche
61%
ceux
61%
gigantesque
61%
Irak
61%
Mickael
61%
New-York
61%
Paris-Dakar
61%
temple
61%
tours
61%
vérités
61%
vider
61%
interview
60%
Puis
60%
tsunami
60%
Moïse
59%
Amoureux
58%
combat
58%
Débrancher
58%
d'EDF
58%
est
58%
Malcom
58%
Massoud
58%
on
58%
On
58%
petit
58%
portent
58%
savane
58%
voulu
58%
décollage
57%
d'Harlem
57%
Haïti
57%
Kinshasa
56%
plein
56%
Qu'aurais-je
56%
Sanaa
56%
Bahamas
55%
Katrina
55%
caméras
54%
laisser
54%
l'indépendance
54%
passer
54%
peut
54%
Bouna
53%
déclencher
53%
présent
53%
Clichy-sous-Bois
52%
colons
52%
Mahomet
52%
Rosa Parks
52%
impossible
51%
l'Alaska
51%
Même
51%
Mer Rouge
51%
ami
50%
d'Adebayor
50%
l'anniversaire
50%
Médine
50%
Woodstock
50%
cela
49%
effacer
49%
fêter
49%
Yemenia
49%
donner
48%
fusils
48%
Jeter
48%
l'A310
48%
7h
47%
donc
46%
Jimy Hendrix
45%
transpo
45%
Zyed
45%
changer
42%
j'inspire
42%
m'asseoir
42%
auprès
41%
accueillir
40%
d'Aaliyah
39%
Motown
36%
chez
32%
Gorée
32%
30ème
30%
Kunta Kinte
30%

Distribution des résultats

Percentile par nombre de réponses

% des personnes avec chaque résultat

Votre développement - résultats

Vous n’avez pas pris ce quiz